[Event "SVK-chT 1415"]
[Site "Slovakia"]
[Date "2015.01.18"]
[Round "6.6"]
[White "Kujovic, Michal"]
[Black "Marek, Matyas"]
[Result "0-1"]
[WhiteElo "2330"]
[BlackElo "2200"]
[PlyCount "68"]
[EventDate "2014.10.25"]
[EventType "team-tourn"]
[EventRounds "11"]
[EventCountry "SVK"]
[SourceTitle "EXT 2016"]
[Source "ChessBase"]
[SourceDate "2015.10.08"]
[SourceVersion "1"]
[SourceVersionDate "2015.10.08"]
[SourceQuality "1"]
[WhiteTeam "Bratislava Doprastav"]
[BlackTeam "Cadca"]
[WhiteTeamCountry "SVK"]
[BlackTeamCountry "SVK"]

1. e4 c5 2. Nf3 d6 3. Bc4 e6 4. 0-0 Nf6 5. Re1 Be7 6. c3 0-0 7. Bb3 b5 8. a4 Bb7 9. d3 a6 10. axb5 axb5 11. Rxa8 Bxa8 12. Bg5 Nbd7 13. Nbd2 Ne5 14. Nxe5 dxe5 15. Bxf6 Bxf6 16. Qe2 Qd7 17. Nf3 Rd8 18. Rd1 Qc6 19. g4 Qc7 20. h4 Be7 21. Kg2 Rc8 22. Kh3 Bf8 23. g5 c4 24. dxc4 bxc4 25. Ba2 Bb7 26. Nh2 f5 27. gxf6 gxf6 28. Ng4 Bg7 29. Ne3 Bxe4 30. Qxc4 Qxc4 31. Bxc4 Rc6 32. Rd7 f5 33. Re7 f4 34. Rxe6 Rxc4 0-1

[Event "SVK-chT 1213"]
[Site "Slovakia"]
[Date "2013.02.09"]
[Round "7.3"]
[White "Gazik, Igor"]
[Black "Kujovic, Michal"]
[Result "1-0"]
[WhiteElo "2314"]
[BlackElo "2342"]
[PlyCount "123"]
[EventDate "2012.10.27"]
[EventType "team-tourn"]
[EventRounds "11"]
[EventCountry "SVK"]
[SourceTitle "EXT 2014"]
[Source "ChessBase"]
[SourceDate "2013.11.20"]
[SourceVersion "1"]
[SourceVersionDate "2013.11.20"]
[SourceQuality "1"]
[WhiteTeam "Dunajov"]
[BlackTeam "Bratislava Doprastav"]
[WhiteTeamCountry "SVK"]
[BlackTeamCountry "SVK"]

1. e4 Nf6 2. e5 Nd5 3. d4 d6 4. Nf3 Bg4 5. Be2 e6 6. 0-0 Be7 7. h3 Bh5 8. c4 Nb6 9. Nc3 0-0 10. exd6 cxd6 11. Be3 Nc6 12. d5 Bxf3 13. Bxf3 Ne5 14. dxe6 fxe6 15. Bg4 Rf6 16. b3 Nxg4 17. Qxg4 Rg6 18. Qe4 Qd7 19. Rfd1 Qc6 20. Rac1 Nd7 21. Bf4 Rc8 22. Qxc6 Rxc6 23. Ne4 e5 24. Be3 Kf7 25. Rd2 a6 26. Rcd1 h6 27. a4 Re6 28. Rd3 g5 29. g4 Rg6 30. Kg2 Ke6 31. Ng3 Rf6 32. Nf5 Bf8 33. Rh1 Rf7 34. Re1 Rc8 35. Rh1 Nf6 36. Bc1 d5 37. Rhd1 Rd7 38. cxd5+ Rxd5 39. Be3 Rc2 40. Kf1 Rxd3 41. Rxd3 Nd5 42. Ng3 Bc5 43. Ne4 Bxe3 44. fxe3 a5 45. Ke1 b6 46. Kf1 Rh2 47. Nf2 e4 48. Rd4 Nxe3+ 49. Ke2 Nd5 50. Rxe4+ Kd6 51. Kf1 Nf4 52. Rxf4 gxf4 53. Kg1 Rxh3 54. Nxh3 Ke5 55. Kf2 Ke4 56. Ke2 f3+ 57. Kd2 f2 58. Nxf2+ Kf3 59. Nd3 Kxg4 60. Ke3 h5 61. Ne5+ Kf5 62. Nd7 1-0

[Event "SVK-chT1W 1011"]
[Site "Slovakia"]
[Date "2011.02.13"]
[Round "7.1"]
[White "Kujovic, Michal"]
[Black "Pacher, Milan"]
[Result "1/2-1/2"]
[WhiteElo "2344"]
[BlackElo "2399"]
[PlyCount "72"]
[EventDate "2010.11.06"]
[EventType "team-tourn"]
[EventRounds "11"]
[EventCountry "SVK"]
[SourceTitle "EXT 2012"]
[Source "ChessBase"]
[SourceDate "2011.11.24"]
[SourceVersion "1"]
[SourceVersionDate "2011.11.24"]
[SourceQuality "1"]
[WhiteTeam "Bratislava Slovan II"]
[BlackTeam "Bratislava Doprastav"]
[WhiteTeamCountry "SVK"]
[BlackTeamCountry "SVK"]

1. e4 c5 2. Nc3 e6 3. Nf3 Nc6 4. Bb5 Nd4 5. Bc4 a6 6. Nxd4 cxd4 7. Ne2 d5 8. exd5 exd5 9. Bd3 Qf6 10. c3 dxc3 11. dxc3 Bc5 12. 0-0 Ne7 13. Nd4 0-0 14. Be3 Ng6 15. Ne6 fxe6 16. Bxc5 Re8 17. f4 Bd7 18. Bd4 Qf7 19. Bxg6 Qxg6 20. Rf3 Re7 21. Rg3 Qh6 22. Be5 Be8 23. Qd4 Rc8 24. Re1 Rc6 25. Ree3 g6 26. h4 Qf8 27. h5 Qf5 28. Qb4 Rd7 29. Rg5 Qb1+ 30. Kh2 h6 31. Rxg6+ Bxg6 32. Rg3 Qf5 33. Rxg6+ Kh7 34. g4 Qc2+ 35. Kg3 Rf7 36. Qf8 Rxf8 1/2-1/2

[Event "Reykjavik op 22nd"]
[Site "Reykjavik"]
[Date "2006.03.13"]
[Round "8"]
[White "Kujovic, Michal"]
[Black "Panchanathan, Magesh Chandran"]
[Result "0-1"]
[WhiteElo "2344"]
[BlackElo "2494"]
[PlyCount "84"]
[EventDate "2006.03.06"]
[EventType "swiss"]
[EventRounds "9"]
[EventCountry "ISL"]
[SourceTitle "CBM 111 Extra"]
[Source "ChessBase"]
[SourceDate "2006.05.09"]
[SourceVersion "1"]
[SourceVersionDate "2006.05.09"]
[SourceQuality "1"]

1. e4 e5 2. Nf3 Nc6 3. Bc4 Nf6 4. d3 Be7 5. Nc3 0-0 6. a3 d6 7. h3 Be6 8. Bd5 Bxd5 9. Nxd5 Nxd5 10. exd5 Nb8 11. b4 Nd7 12. Bb2 f5 13. 0-0 Qe8 14. c4 Qg6 15. Rc1 Nf6 16. Nh4 Qg5 17. Nf3 Qh5 18. Re1 Rae8 19. Nd2 Qg6 20. f4 exf4 21. Re6 Bd8 22. Qa4 Rxe6 23. dxe6 Nh5 24. Nf3 Qxe6 25. Re1 Qf7 26. Qxa7 c6 27. h4 h6 28. Ba1 Re8 29. Rxe8+ Qxe8 30. Qxb7 Bxh4 31. Bd4 Kh7 32. Kh2 Bf6 33. Qc7 Bxd4 34. Nxd4 Nf6 35. Nf3 Ng4+ 36. Kh1 Qe2 37. Qxc6 Qd1+ 38. Ng1 Nf2+ 39. Kh2 Qh5+ 40. Nh3 Nxh3 41. gxh3 Qe2+ 42. Qg2 f3 0-1

[Event "Reykjavik op 22nd"]
[Site "Reykjavik"]
[Date "2006.03.11"]
[Round "6"]
[White "Ivanisevic, Ivan"]
[Black "Kujovic, Michal"]
[Result "1-0"]
[WhiteElo "2588"]
[BlackElo "2344"]
[PlyCount "95"]
[EventDate "2006.03.06"]
[EventType "swiss"]
[EventRounds "9"]
[EventCountry "ISL"]
[SourceTitle "CBM 111 Extra"]
[Source "ChessBase"]
[SourceDate "2006.05.09"]
[SourceVersion "1"]
[SourceVersionDate "2006.05.09"]
[SourceQuality "1"]

1. d4 d5 2. c4 e6 3. Nf3 Nf6 4. g3 Be7 5. Bg2 0-0 6. 0-0 dxc4 7. Ne5 Nc6 8. Nxc6 bxc6 9. Na3 Bxa3 10. bxa3 a5 11. Rb1 Nd5 12. Qc2 Ba6 13. Rd1 Qe7 14. e4 Nb6 15. a4 Rfd8 16. h4 h6 17. Bf1 Rd7 18. Bb2 Qb4 19. Bh3 Qxa4 20. Qc3 Qb4 21. Qf3 Na4 22. Ba1 Qe7 23. d5 cxd5 24. exd5 Rad8 25. dxe6 fxe6 26. Rxd7 Qxd7 27. Re1 Nc5 28. Qh5 Qd2 29. Qe5 Rd7 30. Bc3 Qd5 31. Qxd5 Rxd5 32. Bxa5 Kf7 33. Bb4 Bc8 34. Bg2 Nd3 35. Bxd5 exd5 36. Re7+ Kf6 37. Ba3 c5 38. Rc7 Be6 39. Bxc5 Ke5 40. Bf8 d4 41. a4 Nb2 42. Bxg7+ Kd5 43. a5 d3 44. Bxh6 Ke4 45. a6 Kf3 46. a7 Bd5 47. Bc1 Ke2 48. h5 1-0

[Event "Reykjavik op 22nd"]
[Site "Reykjavik"]
[Date "2006.03.10"]
[Round "5"]
[White "Kujovic, Michal"]
[Black "Bick, John D"]
[Result "1-0"]
[WhiteElo "2344"]
[BlackElo "2238"]
[PlyCount "47"]
[EventDate "2006.03.06"]
[EventType "swiss"]
[EventRounds "9"]
[EventCountry "ISL"]
[SourceTitle "CBM 111 Extra"]
[Source "ChessBase"]
[SourceDate "2006.05.09"]
[SourceVersion "1"]
[SourceVersionDate "2006.05.09"]
[SourceQuality "1"]

1. e4 e5 2. d4 exd4 3. Qxd4 Nc6 4. Qe3 Nf6 5. Nc3 Bb4 6. Bd2 0-0 7. 0-0-0 Re8 8. Qg3 Rxe4 9. a3 Rg4 10. Qe3 Bd6 11. g3 Rd4 12. Nf3 Nd5 13. Nxd5 Rxd5 14. Bc4 Rc5 15. Ng5 Rxc4 16. Qd3 Rc5 17. Qxh7+ Kf8 18. Rhe1 Re5 19. f4 Re6 20. Bc3 Ke7 21. Bxg7 Qe8 22. Qh4 f6 23. Bxf6+ Kxf6 24. Nxe6+ 1-0

[Event "Reykjavik op 22nd"]
[Site "Reykjavik"]
[Date "2006.03.08"]
[Round "3"]
[White "Kujovic, Michal"]
[Black "Kryger, Oksana"]
[Result "1-0"]
[WhiteElo "2344"]
[BlackElo "2164"]
[PlyCount "61"]
[EventDate "2006.03.06"]
[EventType "swiss"]
[EventRounds "9"]
[EventCountry "ISL"]
[SourceTitle "CBM 111 Extra"]
[Source "ChessBase"]
[SourceDate "2006.05.09"]
[SourceVersion "1"]
[SourceVersionDate "2006.05.09"]
[SourceQuality "1"]

1. e4 e6 2. d4 d5 3. e5 c5 4. c3 Nc6 5. Nf3 Qb6 6. Be2 Nh6 7. Bxh6 gxh6 8. Qd2 Bd7 9. 0-0 Bg7 10. Na3 0-0-0 11. Nb5 Kb8 12. dxc5 Qxc5 13. b4 Qb6 14. Qf4 Rdf8 15. a4 a6 16. a5 Qd8 17. Nbd4 Qc7 18. b5 Nxd4 19. cxd4 Bxb5 20. Bxb5 axb5 21. Rfc1 Qd7 22. Nd2 Rc8 23. Nb3 Rxc1+ 24. Rxc1 Rc8 25. Rxc8+ Kxc8 26. Qg4 f5 27. exf6 Bxf6 28. Nc5 Qf7 29. Nxe6 Qg6 30. Qd1 Kd7 31. Nf8+ 1-0

[Event "Reykjavik op 22nd"]
[Site "Reykjavik"]
[Date "2006.03.06"]
[Round "1"]
[White "Kujovic, Michal"]
[Black "Thorgeirsson, Sverrir"]
[Result "1-0"]
[WhiteElo "2344"]
[BlackElo "1954"]
[PlyCount "53"]
[EventDate "2006.03.06"]
[EventType "swiss"]
[EventRounds "9"]
[EventCountry "ISL"]
[SourceTitle "CBM 111 Extra"]
[Source "ChessBase"]
[SourceDate "2006.05.09"]
[SourceVersion "1"]
[SourceVersionDate "2006.05.09"]
[SourceQuality "1"]

1. e4 e6 2. d4 d5 3. e5 c5 4. c3 Nc6 5. Nf3 Qb6 6. Be2 f6 7. 0-0 cxd4 8. cxd4 fxe5 9. dxe5 Nge7 10. Nc3 g6 11. Be3 Qd8 12. Nb5 Nf5 13. Bg5 Qd7 14. g4 Ng7 15. Rc1 a6 16. Nbd4 Nxd4 17. Nxd4 Be7 18. f4 0-0 19. Bh6 Bd8 20. Qb3 b5 21. Rc6 Qa7 22. Qe3 Bb6 23. Rxb6 Qxb6 24. Bxg7 Rf7 25. Bf6 Bd7 26. h4 h5 27. gxh5 1-0

[Event "USA-chT Amateur East"]
[Site "Parsippany"]
[Date "2005.03.20"]
[Round "4"]
[White "Yudasin, Leonid"]
[Black "Kujovic, Michal"]
[Result "1-0"]
[WhiteElo "2550"]
[BlackElo "2366"]
[PlyCount "46"]
[EventDate "2005.03.19"]
[EventType "team"]
[EventRounds "6"]
[EventCountry "USA"]
[SourceTitle "CBM 105 Extra"]
[Source "ChessBase"]
[SourceDate "2005.05.01"]
[SourceVersion "1"]
[SourceVersionDate "2005.05.01"]
[SourceQuality "1"]

1. e4 c6 2. d4 d5 3. e5 Bf5 4. c3 e6 5. Be3 Qb6 6. Qb3 Nd7 7. Nd2 f6 8. f4 g5 9. Ngf3 g4 10. Nh4 Bh6 11. Nxf5 exf5 12. e6 Nf8 13. Qc2 Ne7 14. Bd3 Nxe6 15. g3 Kf7 16. 0-0-0 Bf8 17. h3 h5 18. Nf1 Qa5 19. Kb1 b5 20. Bd2 Ng7 21. Ne3 gxh3 22. c4 Qb6 23. cxb5 cxb5 1-0

[Event "Dallas UTD"]
[Site "Dallas"]
[Date "2004.12.12"]
[Round "6"]
[White "Fernandez, Daniel"]
[Black "Kujovic, Michal"]
[Result "0-1"]
[WhiteElo "2391"]
[BlackElo "2360"]
[PlyCount "64"]
[EventDate "2004.12.07"]
[EventType "tourn"]
[EventRounds "9"]
[EventCountry "USA"]
[EventCategory "10"]
[SourceTitle "CBM 105"]
[Source "ChessBase"]
[SourceDate "2005.04.11"]
[SourceVersion "1"]
[SourceVersionDate "2005.04.11"]
[SourceQuality "1"]

1. e4 c6 2. d4 d5 3. e5 Bf5 4. Nc3 e6 5. g4 Bg6 6. Nge2 c5 7. Be3 Nc6 8. dxc5 Nxe5 9. Nd4 Ne7 10. Bf4 N7c6 11. Bxe5 Nxe5 12. Bb5+ Nd7 13. c6 bxc6 14. Nxc6 Qg5 15. Qe2 Bd6 16. h4 Qf4 17. h5 Be4 18. Nxe4 dxe4 19. Rd1 a6 20. Bxa6 0-0 21. Qe3 Rxa6 22. Ne7+ Kh8 23. Qxf4 Bxf4 24. Rxd7 Rxa2 25. 0-0 Rxb2 26. Rfd1 g6 27. hxg6 hxg6 28. R1d4 Rxc2 29. Rxe4 g5 30. Ra4 Kg7 31. Raa7 Rc4 32. Kg2 Bb8 0-1

[Event "Dallas UTD"]
[Site "Dallas"]
[Date "2004.12.11"]
[Round "5"]
[White "Ramirez Alvarez, Alejandro"]
[Black "Kujovic, Michal"]
[Result "1-0"]
[WhiteElo "2519"]
[BlackElo "2360"]
[PlyCount "91"]
[EventDate "2004.12.07"]
[EventType "tourn"]
[EventRounds "9"]
[EventCountry "USA"]
[EventCategory "10"]
[SourceTitle "CBM 105"]
[Source "ChessBase"]
[SourceDate "2005.04.11"]
[SourceVersion "1"]
[SourceVersionDate "2005.04.11"]
[SourceQuality "1"]

1. d4 Nf6 2. c4 e6 3. Nc3 Bb4 4. e3 0-0 5. Bd3 d6 6. Nf3 Nc6 7. 0-0 e5 8. Ne4 Ba5 9. Qa4 Bb6 10. dxe5 dxe5 11. Qc2 Nb4 12. Nxf6+ Qxf6 13. Bxh7+ Kh8 14. Qc3 Kxh7 15. Qxb4 Bg4 16. Nd2 c5 17. Qc3 Rad8 18. f3 Be6 19. Ne4 Qg6 20. b3 f5 21. Nf2 e4 22. f4 Rd7 23. Bb2 Bd8 24. Rfd1 Bf6 25. Qc2 Rfd8 26. Rxd7 Rxd7 27. Rd1 Bh4 28. g3 Bd8 29. Be5 Qf7 30. Rxd7 Qxd7 31. Qd1 a6 32. Qxd7 Bxd7 33. Nd1 Ba5 34. Bc3 Bd8 35. Kf2 b5 36. Nb2 Kh6 37. a3 Kg6 38. Ke2 Kf7 39. Kd2 g6 40. cxb5 axb5 41. a4 Ke6 42. axb5 Bxb5 43. h3 Kd5 44. Ke1 Be7 45. g4 fxg4 46. hxg4 1-0

[Event "Dallas UTD"]
[Site "Dallas"]
[Date "2004.12.09"]
[Round "3"]
[White "Novikov, Igor A"]
[Black "Kujovic, Michal"]
[Result "1-0"]
[WhiteElo "2588"]
[BlackElo "2360"]
[PlyCount "87"]
[EventDate "2004.12.07"]
[EventType "tourn"]
[EventRounds "9"]
[EventCountry "USA"]
[EventCategory "10"]
[SourceTitle "CBM 105"]
[Source "ChessBase"]
[SourceDate "2005.04.11"]
[SourceVersion "1"]
[SourceVersionDate "2005.04.11"]
[SourceQuality "1"]

1. d4 Nf6 2. c4 e6 3. Nf3 b6 4. g3 Ba6 5. b3 Bb4+ 6. Bd2 Be7 7. Nc3 d5 8. cxd5 exd5 9. Bg2 c5 10. 0-0 Nc6 11. Be3 Rc8 12. Rc1 0-0 13. Bh3 Rc7 14. Bf4 Rb7 15. Re1 Re8 16. Bg2 h6 17. Ne5 Nxd4 18. e3 g5 19. Bxg5 Ne2+ 20. Nxe2 hxg5 21. Nc3 Qd6 22. Ng4 Nxg4 23. Qxg4 Qe6 24. Qd1 Rd7 25. Bxd5 Qd6 26. Qf3 Rf8 27. Bc6 Rdd8 28. Rcd1 Qf6 29. Nd5 Qe5 30. Qf5 Qd6 31. h4 Bc8 32. Nxe7+ Qxe7 33. Qxg5+ Qxg5 34. hxg5 Be6 35. e4 c4 36. bxc4 Bxc4 37. a3 b5 38. Kg2 a5 39. Rb1 Rb8 40. Rec1 Rfd8 41. Rb2 Rdc8 42. Bxb5 a4 43. Rb4 Bxb5 44. Rxb5 1-0

[Event "Norman OU Febr op"]
[Site "Norman"]
[Date "2004.01.31"]
[Round "2"]
[White "Kujovic, Michal"]
[Black "Adams, Frank"]
[Result "1-0"]
[WhiteElo "2225"]
[BlackElo "1807"]
[PlyCount "53"]
[EventDate "2004.01.31"]
[EventType "swiss"]
[EventRounds "5"]
[EventCountry "USA"]
[EventCategory "1"]
[SourceTitle "EXT 2006"]
[Source "ChessBase"]
[SourceDate "2005.11.24"]
[SourceVersion "1"]
[SourceVersionDate "2005.11.24"]
[SourceQuality "1"]

1. e4 d6 2. d4 e6 3. c4 Nd7 4. Nc3 Ne7 5. f4 e5 6. Nf3 exd4 7. Nxd4 Nc6 8. Be3 Nf6 9. Be2 Bd7 10. Bf3 Qc8 11. Qe2 Be7 12. 0-0-0 0-0 13. h3 a6 14. g4 Nxd4 15. Bxd4 Bc6 16. g5 Nd7 17. h4 b5 18. h5 f5 19. exf5 Bxf3 20. Qxf3 Rxf5 21. Qe4 Qf8 22. Qe6+ Qf7 23. Qxd7 Rxf4 24. g6 Qe8 25. Qe6+ Kh8 26. Bxg7+ Kxg7 27. h6+ 1-0

[Event "Oberliga NRW 0203 II"]
[Site "Germany"]
[Date "2003.04.06"]
[Round "8.3"]
[White "Balduan, Markus"]
[Black "Kujovic, Michal"]
[Result "1/2-1/2"]
[WhiteElo "2289"]
[BlackElo "2406"]
[PlyCount "55"]
[EventDate "2002.10.06"]
[EventType "team"]
[EventRounds "9"]
[EventCountry "GER"]
[SourceTitle "EXT 2004"]
[Source "ChessBase"]
[SourceDate "2003.11.25"]
[SourceVersion "1"]
[SourceVersionDate "2003.11.25"]
[SourceQuality "1"]
[WhiteTeam "Solingen II"]
[BlackTeam "Lippstadt Turm"]
[WhiteTeamCountry "GER"]
[BlackTeamCountry "GER"]

1. c4 e5 2. g3 Nf6 3. Bg2 Nc6 4. Nc3 Be7 5. Nf3 0-0 6. 0-0 d6 7. Rb1 h6 8. d3 Be6 9. b4 a6 10. a4 e4 11. dxe4 Bxc4 12. b5 Na5 13. Nd4 Re8 14. Nf5 Bf8 15. Be3 Be6 16. Nd4 Bc8 17. Qd3 Ng4 18. Bc1 Ne5 19. Qc2 Nac4 20. f4 Nd7 21. Nd5 Ndb6 22. Nxb6 Nxb6 23. Bd2 axb5 24. axb5 d5 25. exd5 Nxd5 26. Rbd1 Qf6 27. Bc1 Rd8 28. e3 1/2-1/2

[Event "SVK-chT 0203"]
[Site "Slovakia"]
[Date "2003.??.??"]
[Round "7"]
[White "Debnar, Lubos"]
[Black "Kujovic, Michal"]
[Result "1/2-1/2"]
[WhiteElo "2284"]
[BlackElo "2398"]
[PlyCount "51"]
[EventDate "2002.10.??"]
[EventType "team"]
[EventRounds "11"]
[EventCountry "SVK"]
[SourceTitle "EXT 2004"]
[Source "ChessBase"]
[SourceDate "2003.11.25"]
[SourceVersion "1"]
[SourceVersionDate "2003.11.25"]
[SourceQuality "1"]

1. d4 Nf6 2. c4 e5 3. dxe5 Ng4 4. Nf3 Bc5 5. e3 Nc6 6. Be2 Ngxe5 7. Nxe5 Nxe5 8. 0-0 0-0 9. Nc3 Re8 10. b3 a5 11. Qd5 Bb4 12. Bb2 Ra6 13. a3 Bf8 14. Na4 Rd6 15. Qxa5 b6 16. Qc3 Qh4 17. f4 Ng4 18. Bxg4 Qxg4 19. Rf3 Rg6 20. Rg3 Qf5 21. Rxg6 Qxg6 22. Qd2 Bb7 23. Re1 Bd6 24. Re2 Qb1+ 25. Re1 Qg6 26. Re2 1/2-1/2

[Event "Oberliga NRW 0203 II"]
[Site "Germany"]
[Date "2002.11.10"]
[Round "2.3"]
[White "Skulener, Wladimir"]
[Black "Kujovic, Michal"]
[Result "1/2-1/2"]
[WhiteElo "2299"]
[BlackElo "2406"]
[PlyCount "81"]
[EventDate "2002.10.06"]
[EventType "team"]
[EventRounds "9"]
[EventCountry "GER"]
[SourceTitle "EXT 2004"]
[Source "ChessBase"]
[SourceDate "2003.11.25"]
[SourceVersion "1"]
[SourceVersionDate "2003.11.25"]
[SourceQuality "1"]
[WhiteTeam "Bergheim"]
[BlackTeam "Lippstadt Turm"]
[WhiteTeamCountry "GER"]
[BlackTeamCountry "GER"]

1. e4 c5 2. Nf3 e6 3. c3 d5 4. exd5 exd5 5. d4 Nc6 6. Bb5 a6 7. Bxc6+ bxc6 8. 0-0 Bd6 9. Bg5 Ne7 10. dxc5 Bxc5 11. Nd4 Qc7 12. b4 Bd6 13. Bxe7 Bxe7 14. Nd2 a5 15. Re1 axb4 16. cxb4 0-0 17. Rc1 Bb7 18. Qb3 Bg5 19. Rc2 Rfe8 20. Rd1 Qb6 21. N2f3 Bf6 22. h3 Re4 23. Rcd2 g6 24. a3 Qa7 25. Rd3 Kg7 26. Qc2 Ba6 27. b5 cxb5 28. Nc6 Qb6 29. Nb4 Rc8 30. Qd2 Bb7 31. Nxd5 Bxd5 32. Rxd5 Rce8 33. Qd3 b4 34. axb4 Qxb4 35. Rd7 R8e7 36. Rxe7 Qxe7 37. Qd7 Qc5 38. Qd5 Qxd5 39. Rxd5 Re2 40. Rd2 Rxd2 41. Nxd2 1/2-1/2

[Event "SVK-chT1W 0102"]
[Site "Slovakia"]
[Date "2002.??.??"]
[Round "11"]
[White "Kujovic, Michal"]
[Black "Bojda, Lubomir"]
[Result "1-0"]
[WhiteElo "2380"]
[BlackElo "2095"]
[PlyCount "107"]
[EventDate "2001.10.??"]
[EventType "team"]
[EventRounds "11"]
[EventCountry "SVK"]
[SourceTitle "EXT 2009"]
[Source "ChessBase"]
[SourceDate "2008.11.26"]
[SourceVersion "1"]
[SourceVersionDate "2008.11.26"]
[SourceQuality "1"]

1. e4 e5 2. Nf3 Nc6 3. d4 exd4 4. Nxd4 Bc5 5. Nxc6 dxc6 6. Qxd8+ Kxd8 7. Bc4 Ke7 8. Bg5+ f6 9. Bf4 Bd6 10. Be3 Be6 11. Nd2 h5 12. f4 Nh6 13. h3 Nf7 14. 0-0 Rhg8 15. Rae1 Nd8 16. e5 fxe5 17. fxe5 Bb4 18. c3 Ba5 19. Bc5+ Kd7 20. Rd1 Bb6 21. Ne4+ Bd5 22. Bxd5 cxd5 23. Rxd5+ Ke6 24. c4 Nf7 25. Rfd1 Nxe5 26. Ng5+ Kf6 27. Ne4+ Ke6 28. Ng5+ Kf6 29. Bxb6 axb6 30. Ne4+ Ke6 31. Ng5+ Kf6 32. Rf1+ Kxg5 33. Rxe5+ Kh6 34. Rf7 Rad8 35. Rxc7 Rgf8 36. h4 Rd1+ 37. Kh2 Rd4 38. Re6+ Kh7 39. Rxb6 Rxh4+ 40. Kg1 Rg4 41. Rbxb7 h4 42. Rb3 Rd8 43. Rf3 Rd1+ 44. Rf1 Rd3 45. b4 h3 46. Rf2 Rdg3 47. Kh2 hxg2 48. Kg1 Kh6 49. b5 Kh5 50. b6 Kh4 51. Rc8 Rd4 52. Rh8+ Kg4 53. Rxg2 Rxc4 54. b7 1-0

[Event "SVK-chT1W 0102"]
[Site "Slovakia"]
[Date "2002.??.??"]
[Round "1"]
[White "Kujovic, Michal"]
[Black "Hacik, Radomir"]
[Result "1/2-1/2"]
[WhiteElo "2384"]
[BlackElo "2222"]
[PlyCount "84"]
[EventDate "2001.10.??"]
[EventType "team"]
[EventRounds "11"]
[EventCountry "SVK"]
[SourceTitle "EXT 2007"]
[Source "ChessBase"]
[SourceDate "2006.11.23"]
[SourceVersion "1"]
[SourceVersionDate "2006.11.23"]
[SourceQuality "1"]

1. e4 c6 2. d4 d5 3. Nc3 dxe4 4. Nxe4 Nd7 5. Ne2 Ngf6 6. N2g3 e5 7. Bg5 Be7 8. Nf5 0-0 9. Qf3 exd4 10. 0-0-0 c5 11. Bb5 Ne5 12. Nxe7+ Qxe7 13. Nxf6+ gxf6 14. Qxf6 Qxf6 15. Bxf6 Bd7 16. Be2 Rfe8 17. Rhe1 Rac8 18. g4 Bc6 19. f4 Nf3 20. Bxf3 Bxf3 21. Rxe8+ Rxe8 22. Rf1 Bg2 23. Rf2 Bd5 24. b3 Re3 25. Kd2 Kf8 26. h4 b6 27. g5 Be4 28. h5 Ke8 29. f5 Rg3 30. g6 fxg6 31. fxg6 hxg6 32. h6 g5 33. Bxg5 Rxg5 34. Re2 Rh5 35. Rxe4+ Kf7 36. Rf4+ Ke6 37. c3 Rh2+ 38. Kd3 Rh3+ 39. Kd2 dxc3+ 40. Kc2 Rxh6 41. Kxc3 Kd5 42. Rf5+ Kc6 1/2-1/2

[Event "SVK-chT 0102"]
[Site "Slovakia"]
[Date "2002.??.??"]
[Round "11"]
[White "Kujovic, Michal"]
[Black "Klemanic, Emil"]
[Result "0-1"]
[WhiteElo "2370"]
[BlackElo "2295"]
[PlyCount "85"]
[EventDate "2001.10.??"]
[EventType "team"]
[EventRounds "11"]
[EventCountry "SVK"]
[SourceTitle "EXT 2004"]
[Source "ChessBase"]
[SourceDate "2003.11.25"]
[SourceVersion "1"]
[SourceVersionDate "2003.11.25"]
[SourceQuality "1"]

1. e4 d6 2. d4 Nf6 3. Nc3 e5 4. Nf3 Nbd7 5. h3 Be7 6. Be3 c6 7. a4 Qc7 8. Bd3 h6 9. 0-0 Nf8 10. b4 g5 11. b5 Ng6 12. a5 g4 13. hxg4 Bxg4 14. Be2 Bxf3 15. Bxf3 Nh4 16. dxe5 dxe5 17. Bxa7 Qc8 18. Bb6 Rg8 19. Kh2 Bb4 20. Ne2 Nxf3+ 21. gxf3 Nh7 22. Ng3 Ng5 23. Nf5 Qe6 24. Rg1 Qg6 25. Rg3 Bd2 26. a6 bxa6 27. Rxa6 Rb8 28. Bc7 Bf4 29. bxc6 Bxg3+ 30. fxg3 Qh5+ 31. Nh4 Nxe4 32. Qd7+ Kf8 33. fxe4 Qe2+ 34. Ng2 Rg5 35. Bxb8 Rh5+ 36. Kg1 Qxa6 37. Bxe5 Qb6+ 38. Qd4 Qb1+ 39. Kf2 Qxc2+ 40. Kf3 Rxe5 41. Qxe5 Qxc6 42. Ne3 f6 43. Qh5 0-1

[Event "Oberliga NRW 0102 II"]
[Site "Germany"]
[Date "2001.09.30"]
[Round "1.4"]
[White "Kujovic, Michal"]
[Black "Wengenroth, Walter"]
[Result "0-1"]
[WhiteElo "2335"]
[BlackElo "2257"]
[PlyCount "72"]
[EventDate "2001.10.??"]
[EventType "team"]
[EventRounds "9"]
[EventCountry "GER"]
[SourceTitle "EXT 2004"]
[Source "ChessBase"]
[SourceDate "2003.11.25"]
[SourceVersion "1"]
[SourceVersionDate "2003.11.25"]
[SourceQuality "1"]
[WhiteTeam "Lippstadt Turm"]
[BlackTeam "Duisburg/Hochheide"]
[WhiteTeamCountry "GER"]
[BlackTeamCountry "GER"]

1. e4 e5 2. Nf3 Nc6 3. Bc4 Bc5 4. c3 Nf6 5. d4 exd4 6. cxd4 Bb4+ 7. Bd2 Bxd2+ 8. Nbxd2 d5 9. exd5 Nxd5 10. Qb3 Nce7 11. 0-0 0-0 12. Rfe1 Nb6 13. Rac1 c6 14. Re5 Ng6 15. Re3 Bg4 16. Rce1 Nxc4 17. Qxc4 Be6 18. Qc2 Qd5 19. b3 Qf5 20. Qc5 Bd5 21. Ne4 Nf4 22. Ng3 Qf6 23. Qe7 Qxe7 24. Rxe7 Bxf3 25. gxf3 Rab8 26. Rd7 Nd5 27. Nf5 Rfd8 28. Ne7+ Kf8 29. Rxd8+ Rxd8 30. Nxd5 Rxd5 31. Re4 f5 32. Rh4 h6 33. Kf1 Kf7 34. Ke2 Kf6 35. Ke3 Kg5 36. Rh3 f4+ 0-1

[Event "Presov op"]
[Site "Presov"]
[Date "2001.08.19"]
[Round "9"]
[White "Mihalj, M Miroslav"]
[Black "Kujovic, Michal"]
[Result "1/2-1/2"]
[WhiteElo "2230"]
[BlackElo "2335"]
[PlyCount "30"]
[EventDate "2001.08.11"]
[EventType "swiss"]
[EventRounds "9"]
[EventCountry "SVK"]
[SourceTitle "EXT 2002"]
[Source "ChessBase"]
[SourceDate "2001.11.25"]
[SourceVersion "1"]
[SourceVersionDate "2001.11.25"]
[SourceQuality "1"]

1. d4 d5 2. Nf3 Nf6 3. e3 e6 4. Bd3 c5 5. b3 cxd4 6. exd4 Bb4+ 7. c3 Bd6 8. 0-0 h6 9. c4 b6 10. Nc3 Bb4 11. Bb2 0-0 12. Qe2 Bb7 13. Rac1 Re8 14. Rfd1 Nbd7 15. Bb1 Rc8 1/2-1/2